Cargando...
Saahitya Padhanangal
| Autor Principal: | |
|---|---|
| Formato: | Printed Book |
| Publicado: |
Kottayam, National Book Stall
1984
|
| Subjects: |
| LEADER | 005170000a22001810004500 | ||
|---|---|---|---|
| 022 | |a 14-06-2004 | ||
| 041 | |a Malayalam | ||
| 082 | |a A09 BEN/S M4 | ||
| 100 | |a Benjamin, D | ||
| 245 | |a Saahitya Padhanangal | ||
| 260 | |a Kottayam, National Book Stall | ||
| 260 | |c 1984 | ||
| 465 | |a R 12 | ||
| 650 | |a Criticism | ||
| 650 | |a Malayalam literature | ||
| 942 | |c BK | ||
| 999 | |c 143259 |d 143255 | ||
| 952 | |0 0 |1 0 |4 0 |6 A_09_000000000000000_BEN_S_M4 |7 0 |9 142041 |a SCC |b SCC |d 2017-10-11 |l 0 |o A09 BEN/S M4 |p SCC06065 |r 2017-10-11 |w 2017-10-11 |y BK | ||